00883nam a2200217 a 45000010005000000030008000050050017000130080041000300350018000710400032000890410008001210820026001292450104001552600065002593000026003245000145003505040051004956510033005466510036005797100050006153869BD-RjUL20211208233808.0131221s19621960enk b 001 0 eng d a(BD-RjUL)3903 aAFUcAFUdEQOdBD-RjULbeng aeng04216a338.942bGRO 196210aGrowth in the British economy :ba study of economic problems and policies in contemporary Britain. aLondon :bGeorge Allen & Unwin ltd.c1960 [impression 1962]. axii, 256 p. ;c22 cm. a"...G.R. Denton, the research officer ... and Mrs S. Trench, the research assistant, who were responsible for drafting the report"- (p. vii) aIncludes bibliographical references and index. 0aEuropexEconomic conditions. 0aGreat BritainxEconomic policy.1 aPolitical and Economic Planning (Think tank).